| 000 | 01162nas a2200289 4500 | ||
|---|---|---|---|
| 001 | BR2015004181 | ||
| 003 | BR-BrBNA | ||
| 005 | 20231205125542.0 | ||
| 007 | ta | ||
| 008 | 230509b bl.|||p| |||| 00| 00por d | ||
| 040 |
_aBR-BrBNA _bpor _cBiblioteca Nacional de Agricultura |
||
| 041 | _a(Pt) | ||
| 072 | _aF03 | ||
| 100 | 1 | _aPenariol, A.P. | |
| 100 | 1 | _aPivetta, K.F.L. | |
| 100 | 1 | _aPedrinho, D.R. | |
| 100 | 1 | _aPimenta, R.S. | |
| 111 | 1 |
_a16° Congresso Brasileiro de Floricultura e Plantas Ornamentais; 3° Congresso Brasileiro de Cultura de Tecidos de Plantas; 1° Simpósio de Plantas Ornamentais Nativas _cGoiânia, GO (Brazil) _d10-15 Sep 2007 |
|
| 245 | 1 | _aEfeito da temperatura e do estádio de maturação dos frutos na germinação de sementes de Roystonea regia (Kunth)O. F. Cook (Arecaceae) | |
| 650 | _aPLANTA ORNAMENTAL | ||
| 650 | _aPRODUÇÃO DE SEMENTES | ||
| 650 | _aMATURIDADE | ||
| 650 | _aPALMEIRA IMPERIAL | ||
| 773 | 0 |
_tRevista Brasileira de Horticultura Ornamental (Brazil) _xISSN 1809-6093 _g(Sep 2007), v. 13(Suplemento) p. 1452-1455 _wBR2015004181 |
|
| 909 |
_a202311 _bLúcia _c55 _dLúcia Elande |
||
| 942 |
_2AGRIS _n0 _cANA |
||
| 999 |
_c244892 _d244892 |
||